|
|
|
|
| LEADER |
00808nam a2200217 a 4500 |
| 001 |
2205613 |
| 008 |
091124s1975 nyua b 001 0 eng d |
| 010 |
|
|
|a 74018051
|
| 020 |
|
|
|a 0070379726
|
| 040 |
|
|
|a DLC
|c DLC
|d DLC
|
| 082 |
0 |
0 |
|a 339
|2 19
|
| 100 |
1 |
|
|a Lippitt, Vernon G.
|
| 245 |
1 |
4 |
|a The national economic environment \
|c by Vernon G. Lippitt.
|
| 260 |
|
|
|a New York,
|b McGraw-Hill
|c c1975
|
| 300 |
|
|
|a xvii, 551 p.
|b illus.
|c 25 cm.
|
| 504 |
|
|
|a Includes bibliographical references and index.
|
| 541 |
1 |
|
|e 00000075
|
| 650 |
|
0 |
|a Macroeconomics.
|
| 852 |
4 |
|
|a Ayesha Abed Library
|j General Shelf
|
| 999 |
|
|
|c 5954
|d 5954
|
| 952 |
|
|
|0 0
|1 0
|2 ddc
|4 0
|6 339_LIP_197500000000000
|7 0
|9 5939
|a BRACUL
|b BRACUL
|c GEN
|d 2009-12-06
|g 0.00
|l 0
|o 339 LIP
|p 3010000075
|r 2016-08-30
|t 1
|w 2009-12-06
|y BK
|x No price found in the accession register.
|